000 01011nam0a22002651 4500
001 rc\2779040
005 20250805160813.4
035 _a(NLR Aleph) 006905291
090 _a7290219
_c7290219
100 _a20110915d1942 |||y0rusy50 ca
101 0 _arus
102 _aRU
105 _ac z |||||
200 1 _aИван Михайлович Сеченов, отец русской физиологии
_fПроф. В. С. Зимницкий
210 _aСвердловск
_cОГИЗ Госполитиздат
_d1942
215 _a40 с.
_cпортр.
_d20 см.
320 _aБиблиогр.: "Краткая библиография произведений И. М. Сеченова" (с. 40)
700 1 _aЗимницкий
_bВ. С.
_f1901-
_gВладимир Семенович
801 0 _aRU
_bNLR
_gpsbo
801 1 _aRU
_bELAR
_2rusmarc
852 _aNLR
_jАф02 Г-4/16
942 _cBOOK
945 _aРоссийская национальная библиотека
980 _aNB
980 _aBV